| 000 | 01119nam a22002177a 4500 | ||
|---|---|---|---|
| 005 | 20210414113921.0 | ||
| 008 | 120301t xxu||||| |||| 00| 0 eng d | ||
| 020 | _a0442019033 | ||
| 050 | _aHD41.DD51 | ||
| 100 | _aGoldman, Steven L | ||
| 245 |
_aAgile Competition and virtual organization: strategies for enriching the customer / _cSteven L.Goldman, Roger N. Nagel and Keneth Preiss |
||
| 260 |
_aNew York: _bVan Nostraud Reinhold, _c1995. |
||
| 300 |
_axxix, 414 p.: _bill, _c24cm. |
||
| 500 | _aIncludes index. | ||
| 505 | _aContents: What is agility and why do we need it? -- The Emergence of a new industrial order -- Agility: Framework for mastering change -- The Transition of agility -- Leading, learning and thinking -- Virtual organizations -- Enriching the customer -- Customizing agile business strategies -- Barriers to assimilating agility -- Enabling systems and infrastructures -- Measuring agility: A Self-assessment approach. | ||
| 650 | _aCompetition. | ||
| 650 | _aOrganizational change. | ||
| 650 | _aCustomer services. | ||
| 700 | _aNAGEL, Roger N and PREISS, Keneth | ||
| 942 |
_2lcc _cBK |
||
| 999 |
_c641 _d8141 |
||